Famous Landmarks That Were Vandalized - Statistics

General Stats
  • This quiz has been taken 17 times
    16 since last reset
  • The average score is 4 of 11
Answer Stats
Year Country Answer % Correct
2024 USA (South Dakota) Mount Rushmore
100%
2022 USA (D.C.) Washington
69%
2024 UK (England) Stonehenge
50%
2023 USA (D.C.) Lincoln Memorial
44%
2023 Australia Sydney Opera House
44%
2022 India Taj Mahal
44%
2010 Brazil Christ The Redeemer
38%
2001 USA (Pennsylvania) Liberty Bell
31%
2022 Italy Pantheon
13%
2020 USA (Massachusetts) Plymouth Rock
13%
2022 Denmark Little Mermaid Statue
0%
No matching quizzes found
Score Distribution
Percent of People with Each Score
Percentile by Number Answered
Your Score History
You have not taken this quiz since the last reset